000
00203 a2200097 4500
001
4509
100
_a
Agger,L.T
245
_a
Principles of electronics
260
_a
_b
Macmillan
_c
090
_c
3707
_d
3707
942
_a
NUST-CAE
_c
M
_c
29942
999
_c
239582
_d
239582